000 00624 a2200193 4500
000 BKB
001 135638
005 20200902152853.0
008
020 _a0822319667
082 _a305.32089
_bR11R
100 _aRace and the subject of masculinities
245 1 _aRace and the subject of masculinities
_cedited by Harry Stecopoulos and Michael Uebel
260 _aDurham
_bDuke University Press
_c1997
300 _a418p.
690 _aMasculinity; Gender identity; Men-Psychology; Sex role
700 _aStecopoulos, Harry ed.
_b
_c
700 _aUebel, Michael ed.
999 _c8944
_d8944